000 00510nam a22001817a 4500
005 20251108171900.0
008 250721s1992 xx 000 0 ara d
082 1 4 _a509.56/عاص
100 1 _aعاصي، حسن
245 1 0 _aالمنهج في تاريخ العلوم عند العرب /
250 _aط2.
264 1 _aبيروت :
_bدار المواسم،
_c1992.
300 _a275ص
650 1 7 _aالعلوم
650 1 7 _aالحضارة الإسلامية
942 _2ddc
_cBK
999 _c65052
_d65052